000 00388nam a22001577a 4500
005 20250430050533.0
008 250430b |||||||| |||| 00| 0 eng d
020 _a955584644
082 _222
_a891
_bKIN
100 _aPerera M. Y
245 _aKinmanaiye uyanpallah
260 _aKottawa
_bSara Publishers & Printers
_c1993
300 _a156 p .,
650 _aShort Stories
942 _cL
999 _c6028
_d6028